| 000 | 00848cab a2200265 4500 | ||
|---|---|---|---|
| 001 | WB3410-39 | ||
| 008 | 090401t1998 xxu||||| |||| 00| 0 eng d | ||
| 035 | _a(Sirsi) u84794 | ||
| 041 | _aeng | ||
| 245 | _aEqualising rents | ||
| 260 | _c1998 | ||
| 350 | _a0 | ||
| 490 |
_aHousing Today _v(73) 5 March 1998, 4(1) |
||
| 520 | _aThe Housing Corporation has warned that equalising housing association and local authority rents could take between 50 to 75 years. Unification between the sectors is not appropriate, it says. | ||
| 650 | _aBEST VALUE | ||
| 650 | _aEQUALISATION | ||
| 650 | _aHOUSING ASSOCIATION RENTS | ||
| 650 | _aHOUSING ASSOCIATIONS | ||
| 650 | _aHOUSING CORPORATION | ||
| 650 | _aLOCAL AUTHORITY RENTS | ||
| 650 | _aPERFORMANCE STANDARDS | ||
| 690 |
_aBlock management _96220 |
||
| 942 | _n0 | ||
| 948 | _c11/03/1998 | ||
| 999 |
_c53323 _d53323 |
||